<?xml version="1.0" encoding="UTF-8"?>
<record
    xmlns:xsi="http://www.w3.org/2001/XMLSchema-instance"
    xsi:schemaLocation="http://www.loc.gov/MARC21/slim http://www.loc.gov/standards/marcxml/schema/MARC21slim.xsd"
    xmlns="http://www.loc.gov/MARC21/slim">

  <leader>02496nam a22001697a 4500</leader>
  <controlfield tag="003">SGT</controlfield>
  <datafield tag="020" ind1=" " ind2=" ">
    <subfield code="a">9788126515547</subfield>
  </datafield>
  <datafield tag="082" ind1=" " ind2=" ">
    <subfield code="a">546,LEE</subfield>
  </datafield>
  <datafield tag="100" ind1=" " ind2=" ">
    <subfield code="a">LEE,J.D.</subfield>
  </datafield>
  <datafield tag="245" ind1=" " ind2=" ">
    <subfield code="a">CONCISE INORGANIC CHEMISTRY</subfield>
  </datafield>
  <datafield tag="250" ind1=" " ind2=" ">
    <subfield code="a">5TH</subfield>
  </datafield>
  <datafield tag="260" ind1=" " ind2=" ">
    <subfield code="a">NEW DELHI</subfield>
    <subfield code="b">WIILEY-INDIA</subfield>
    <subfield code="c">2014</subfield>
  </datafield>
  <datafield tag="300" ind1=" " ind2=" ">
    <subfield code="a">1032</subfield>
  </datafield>
  <datafield tag="650" ind1=" " ind2=" ">
    <subfield code="a">INORGANIC CHEMISTRY</subfield>
  </datafield>
  <datafield tag="653" ind1=" " ind2=" ">
    <subfield code="a">PREFACE TO THE FIFTH EDITION SI UNITS NOMENCLATURE IN THE PERIODIC TABLE  PART I THEORETICAL CONCEPTS AND HYDROGEN &#x2022;    ATOMIC STRUCTURE AND THE PERIODIC TABLE &#x2022;    INTRODUCTION TO BONDING &#x2022;    THE IONIC BOND &#x2022;    THE COVALENT BOND &#x2022;    THE METALLIC BOND &#x2022;    GENERAL PROPERTIES OF THE ELEMENTS &#x2022;    COORDINATION COMPOUNDS &#x2022;    HYDROGEN AND THE HYDRIDES  PART II  THE S-BLOCK ELEMENTS &#x2022;    GROUP 1 - THE ALKALI METALS &#x2022;    THE CHLOR-ALKALI INDUSTRY &#x2022;    GROUP 2 - THE ALKALINE EARTH ELEMENTS &#x2022;     PART III THE P-BLOCK ELEMENTS &#x2022;    THE GROUP 13 ELEMENTS &#x2022;    THE GROUP 14 ELEMENTS &#x2022;    THE GROUP 15 ELEMENTS &#x2022;    GROUP 16 - THE CHALCOGENS &#x2022;    GROUP 17 - THE HALOGENS &#x2022;    GROUP 18 - THE NOBLE GASES  PART IV  THE D-BLOCK ELEMENTS &#x2022;    AN INTRODUCTION TO THE TRANSITION ELEMENTS &#x2022;    GROUP 3 - THE SCANDIUM GROUP &#x2022;    GROUP 4 - THE TITANIUM GROUP &#x2022;    GROUP 5 - THE VANADIUM GROUP &#x2022;    GROUP 6 - THE CHROMIUM GROUP &#x2022;    GROUP 7 - THE MANGANESE GROUP &#x2022;    GROUP 8 - THE IRON GROUP &#x2022;    GROUP 9 - THE COBALT GROUP &#x2022;    GROUP 10 - THE NICKEL GROUP &#x2022;    GROUP 11 - THE COPPER GROUP: COINAGE METALS &#x2022;    GROUP 12 - THE ZINC GROUP  PART V THE F-BLOCK ELEMENTS &#x2022;    THE LANTHANIDE SERIES &#x2022;    THE ACTINIDES  PART VI OTHER TOPICS &#x2022;    THE ATOMIC NUCLEUS &#x2022;    SPECTRA  APPENDIX A ABUNDANCE OF THE ELEMENT SIN THE EARTH'S CRUST APPENDIX B MELTING POINTS OF THE ELEMENTS APPENDIX C BOLING POINTS O THE ELEMENTS APPENDIX D DENSITIES OF THE SOLID AND LIQUID ELEMENTS APPENDIX E ELECTRONIC STRUCTURES OF THE ELEMENTS APPENDIX F SOME AVERAGE SINGLE BOND ENERGIES AND SOME DOUBLE AND TRIPLE BOND ENERGIES APPENDIX G SOLUBILITIES OF MAIN GROUP COMPOUNDS IN WATER APPENDIX H ATOMIC WEIGHTS BASED ON 12C = 12000 APPENDIX I VALUES OF SOME FUNDAMENTAL PHYSICAL CONSTANTS APPENDIX J ELECTRICAL RESISTIVITY OF THE ELEMENTS AT THE STATED TEMPERATURE APPENDIX K TOP FIFTY CHEMICALS IN THE USA, 1994 APPENDIX L INORGANIC CHEMICALS MANUFACTURED IN LARGE TONNAGES WORLDWIDE APPENDIX M MINERALS USED IN LARGE AMOUNTS APPENDIX N HARDNESS OF MINERALS - MOHS' SCALE APPENDIX O STANDARD TEXTBOOKS INDEX</subfield>
  </datafield>
  <datafield tag="942" ind1=" " ind2=" ">
    <subfield code="2">ddc</subfield>
    <subfield code="c">FCM</subfield>
    <subfield code="0">9</subfield>
  </datafield>
  <datafield tag="952" ind1=" " ind2=" ">
    <subfield code="0">0</subfield>
    <subfield code="1">0</subfield>
    <subfield code="2">ddc</subfield>
    <subfield code="4">0</subfield>
    <subfield code="7">0</subfield>
    <subfield code="8">FS</subfield>
    <subfield code="a">SSSL</subfield>
    <subfield code="b">SSSL</subfield>
    <subfield code="c">TXT</subfield>
    <subfield code="d">2016-06-27</subfield>
    <subfield code="e">SPARSH BOOK</subfield>
    <subfield code="g">700.00</subfield>
    <subfield code="i">SGTU</subfield>
    <subfield code="l">17</subfield>
    <subfield code="o">546,LEE</subfield>
    <subfield code="p">PS547</subfield>
    <subfield code="r">2025-01-13 00:00:00</subfield>
    <subfield code="s">2025-01-08</subfield>
    <subfield code="w">0000-00-00</subfield>
    <subfield code="y">FPS</subfield>
    <subfield code="k">1285</subfield>
  </datafield>
  <datafield tag="952" ind1=" " ind2=" ">
    <subfield code="0">0</subfield>
    <subfield code="1">0</subfield>
    <subfield code="2">ddc</subfield>
    <subfield code="4">0</subfield>
    <subfield code="7">0</subfield>
    <subfield code="8">FS</subfield>
    <subfield code="a">SSSL</subfield>
    <subfield code="b">SSSL</subfield>
    <subfield code="c">TXT</subfield>
    <subfield code="d">2016-06-27</subfield>
    <subfield code="e">SPARSH BOOK</subfield>
    <subfield code="g">700.00</subfield>
    <subfield code="i">SGTU</subfield>
    <subfield code="l">1</subfield>
    <subfield code="o">546,LEE</subfield>
    <subfield code="p">PS548</subfield>
    <subfield code="r">2021-11-08 00:00:00</subfield>
    <subfield code="s">2021-10-21</subfield>
    <subfield code="w">0000-00-00</subfield>
    <subfield code="y">FPS</subfield>
    <subfield code="k">1285</subfield>
  </datafield>
  <datafield tag="999" ind1=" " ind2=" ">
    <subfield code="c">9248</subfield>
    <subfield code="d">9248</subfield>
  </datafield>
</record>
